Normal view
MARC view
- Farhan Ijaz
Entry Personal Name
001 - CONTROL NUMBER
- control field: 84367
003 - CONTROL NUMBER IDENTIFIER
- control field: NUST
005 - DATE AND TIME OF LATEST TRANSACTION
- control field: 20211117134333.0
008 - FIXED-LENGTH DATA ELEMENTS
- fixed length control field: 211117|| aca||aabn | a|a d
040 ## - CATALOGING SOURCE
- Original cataloging agency: NUST
- Transcribing agency: NUST
100 ## - HEADING--PERSONAL NAME
- Personal name: Farhan Ijaz
670 ## - SOURCE DATA FOUND
- Source citation: Work cat.: (NUST): Farhan Ijaz , TH-SOF-1883-Source Code Plagiarism Detection, 2021.
